Bardzo słabo narysowane flagi #1 - Statystyki

Ogólne statystyki
  • Ten quiz został rozwiązany 75 razy
  • Średni wynik to 14 z 16
Statystyki odpowiedzi
Obrazkowy Odpowiedź % Poprawnych
Korea Północna
100%
Albania
98%
Brazylia
98%
Malta
97%
Singapur
97%
Norwegia
95%
Republika Południowej Afryki
95%
Angola
92%
Meksyk
89%
Kirgistan
84%
Saint Lucia
82%
Uzbekistan
82%
Republika Zielonego Przylądka
77%
Vanuatu
72%
Namibia
70%
Saint Vincent i Grenadyny
64%
Nie znaleziono quizów pasujących do podanych kryteriów
Rozkład punktacji
Procent ludzi z każdym wynikiem
Percentyl według liczby udzielonych odpowiedzi
Twoja historia wyników
Nie rozwiązałeś tego quizu